000 01383nam a2200373Ia 4500
001 dia_5412
003 CHAP
005 20240122122630.0
007 ta
008 220117s1987 mx d fr 001 0 spa d
040 _cCHAP
_amxchpua
090 _aT.C.48
_bM45 SAI
_c1987
245 1 0 _aReporte final del viaje generacional de 6º año de Industrias Agrícolas al noroeste del país /
_ccoordinadores Amilcar Renan Mejenes Quijano y Favio Ramírez Sepúlveda ; colaboradores Rosa Ma. Alcalá Bravo...[et al.]
260 _aMéxico :
_bEl autor,
_c1987
300 _acerca. 100 hojas :
_bgráficas, diagramas, tablas
336 _2rdacontent
_atexto
_btxt
337 _2rdamedia
_asin medio
_bn
338 _2rdacarrier
_avolumen
_bnc
500 _a6° año
502 _aViaje de estudios
_b(SAI) --
_cUACh. Departamento de Ingeniería Agroindustrial,
_d1987
650 1 3 _aAves de corral
_98667
_zMéxico
650 1 3 _aPoultry
_9158600
_zMexico
700 1 _aAlcalá Bravo, Rosa Ma.
_9158506
_ecolaboradora
700 1 _aMejenes Quijano, Amilcar Renán
_9147387
_ecoordinador
700 1 _aRamírez Sepúlveda, Marco Favio
_9150304
_ecoordinador
901 _aT.C.48 M45 SAI 1987
902 _aM
905 _a5332271987 mx imn 8222323322spa16
942 _2local
942 _cVE
999 _c176350
_d176350